000 00480nmm a2200157Ia 4500
008 251105s9999||||xx |||||||||||||||||und||
020 _a9788498386158
041 _aspa
100 _aPaver, Michelle
245 0 _aEl clan de la foca :
_b Crónicas de la prehistoria II
264 _a[Madrid, España] :
_bEdiciones Salamandra,
_c2014
300 _a256 páginas
650 _aTeen & Young Adult Fiction
856 _uhttps://public.digitaliapublishing.com/a/48247
942 _cCF
999 _c91778
_d91778